An introduction to the design of timber structures (Record no. 547200)

000 -LEADER
fixed length control field 00410nam a22001337a 4500
082 ## - DEWEY DECIMAL CLASSIFICATION NUMBER
Classification number 624.184
Author Mark REE
-- L-20,P-65
100 ## - MAIN ENTRY--PERSONAL NAME
Personal name Reece, Phillip. O
9 (RLIN) 43378
245 ## - TITLE STATEMENT
Title An introduction to the design of timber structures
Statement of responsibility, etc. Reece, Phillip. O
260 ## - PUBLICATION, DISTRIBUTION, ETC.
Place of publication, distribution, etc. London:
Name of publisher, distributor, etc. E & F.N. Spon Ltd
Date of publication, distribution, etc. 1949.
300 ## - PHYSICAL DESCRIPTION
Extent 235p.:
Other physical details ill,;
Dimensions 12 cm.
526 ## - STUDY PROGRAM INFORMATION NOTE
Program name 0
Interest level 0
Reading level 0
Title point value 624_184000000000000_REE
650 ## - SUBJECT ADDED ENTRY--TOPICAL TERM
Topical term or geographic name entry element MCE
9 (RLIN) 379
942 ## - ADDED ENTRY ELEMENTS (KOHA)
Source of classification or shelving scheme
Koha item type Book
Holdings
Withdrawn status Lost status Source of classification or shelving scheme Damaged status Not for loan Permanent Location Current Location Date acquired Total Checkouts Full call number Barcode Date last seen Price effective from Koha item type
          Military College of Engineering (MCE) Military College of Engineering (MCE) 07/04/2014   624.184 REE MCE-30246 07/04/2014 07/04/2014 Book
© 2023 Central Library, National University of Sciences and Technology. All Rights Reserved.